{"text_format":"3","workbook":"xlsx","n_sheets":1,"sheets":["t136"],"read":"whole","date_system":"1900"}

{"sheet":"t136","index":0,"n_rows":201,"n_cols":7,"rows_kept":201,"merged":[[0,0,0,6],[28,0,28,5],[43,0,43,5],[157,0,157,5]]}
["TABELA 136.1 - Estatísticas Agrícolas, Município de Colômbia, Estado de São Paulo, 2016/17."]
["ITEM","UNIDADE","N.DE UPAs","MÍNIMO","MÉDIO","MÁXIMO","TOTAL"]
["Distância à sede do município","km",361,0.1,{"v":19.92,"d":"19.9"},{"v":47,"d":"47.0"},"-"]
["Área total","hectare",361,1.2,182.4,{"v":5592,"d":"5,592.0"},{"v":65845,"d":"65,845.0"}]
["Área com cultura perene","hectare",79,0.1,{"v":168.48,"d":"168.5"},{"v":5003.7,"d":"5,003.7"},{"v":13309.9,"d":"13,309.9"}]
["Área com cultura temporária","hectare",265,0.3,{"v":138.42,"d":"138.4"},{"v":2570.6,"d":"2,570.6"},{"v":36681.2,"d":"36,681.2"}]
["Área com pastagem","hectare",186,0.4,23.8,{"v":341,"d":"341.0"},{"v":4426.5,"d":"4,426.5"}]
["Área com reflorestamento","hectare",25,0.1,{"v":5.65,"d":"5.7"},{"v":50,"d":"50.0"},141.3]
["Área com vegetação natural","hectare",160,0.2,39.7,875.2,{"v":6352.3,"d":"6,352.3"}]
["Área com vegetação de brejo e várzea","hectare",203,0.2,{"v":16.79,"d":"16.8"},307.1,{"v":3408.7,"d":"3,408.7"}]
["Área em descanso","hectare",8,0.7,{"v":6.54,"d":"6.5"},20.9,52.3]
["Área complementar","hectare",347,0.1,{"v":4.24,"d":"4.2"},{"v":171,"d":"171.0"},{"v":1472.8,"d":"1,472.8"}]
["Área das UPAs com (0, 1] ha","hectare","-","-","-","-","-"]
["Área das UPAs com (1, 2] ha","hectare",2,1.2,1.6,{"v":2,"d":"2.0"},3.2]
["Área das UPAs com (2, 5] ha","hectare",13,2.4,{"v":2.97,"d":"3.0"},4.8,38.6]
["Área das UPAs com (5, 10] ha","hectare",6,7.8,{"v":8.77,"d":"8.8"},9.9,52.6]
["Área das UPAs com (10, 20] ha","hectare",109,10.7,{"v":15.31,"d":"15.3"},19.2,{"v":1669.2,"d":"1,669.2"}]
["Área das UPAs com (20, 50] ha","hectare",56,20.4,{"v":35.04,"d":"35.0"},49.7,{"v":1962.2,"d":"1,962.2"}]
["Área das UPAs com (50, 100] ha","hectare",37,50.7,{"v":76.43,"d":"76.4"},96.9,{"v":2828,"d":"2,828.0"}]
["Área das UPAs com (100, 200] ha","hectare",58,101.6,{"v":147.25,"d":"147.3"},199.9,{"v":8540.4,"d":"8,540.4"}]
["Área das UPAs com (200, 500] ha","hectare",53,202.3,{"v":328.13,"d":"328.1"},493.8,{"v":17390.9,"d":"17,390.9"}]
["Área das UPAs com (500, 1.000] ha","hectare",19,554.1,{"v":725.15,"d":"725.2"},{"v":930,"d":"930.0"},{"v":13777.8,"d":"13,777.8"}]
["Área das UPAs com (1.000, 2.000] ha","hectare",5,{"v":1073.2,"d":"1,073.2"},{"v":1524.28,"d":"1,524.3"},{"v":1923.1,"d":"1,923.1"},{"v":7621.4,"d":"7,621.4"}]
["Área das UPAs com (2.000, 5.000] ha","hectare",2,{"v":2332,"d":"2,332.0"},{"v":3184.35,"d":"3,184.4"},{"v":4036.7,"d":"4,036.7"},{"v":6368.7,"d":"6,368.7"}]
["Área das UPAs com (5.000, 10.000] ha","hectare",1,{"v":5592,"d":"5,592.0"},{"v":5592,"d":"5,592.0"},{"v":5592,"d":"5,592.0"},{"v":5592,"d":"5,592.0"}]
["Área das UPAs acima de 10.000 ha","hectare","-","-","-","-","-"]
["Fonte: Secretaria de Agricultura e Abastecimento, CDRS/IEA, Projeto LUPA."]
[]
["TABELA 136.2 - Explorações Animais, Município de Colômbia, Estado de São Paulo, 2016/17."]
["ITEM","UNIDADE","N.DE UPAs","MÍNIMO","MÉDIO","MÁXIMO","TOTAL"]
["Apicultura","colmeias",2,{"v":300,"d":"300.0"},{"v":330,"d":"330.0"},{"v":360,"d":"360.0"},{"v":660,"d":"660.0"}]
["Asininos e muares","cabecas",7,{"v":1,"d":"1.0"},{"v":2.29,"d":"2.3"},{"v":6,"d":"6.0"},{"v":16,"d":"16.0"}]
["Avicultura de corte","cabecas/ano",16,{"v":20,"d":"20.0"},{"v":70.63,"d":"70.6"},{"v":250,"d":"250.0"},{"v":1130,"d":"1,130.0"}]
["Avicultura para ovos","cabecas",1,{"v":50,"d":"50.0"},{"v":50,"d":"50.0"},{"v":50,"d":"50.0"},{"v":50,"d":"50.0"}]
["Bovinocultura de corte","cabecas",64,{"v":2,"d":"2.0"},{"v":161.52,"d":"161.5"},{"v":3100,"d":"3,100.0"},{"v":10337,"d":"10,337.0"}]
["Bovinocultura leiteira","cabecas",47,{"v":1,"d":"1.0"},24.6,{"v":200,"d":"200.0"},{"v":1156,"d":"1,156.0"}]
["Bovinocultura mista","cabecas",64,{"v":1,"d":"1.0"},{"v":27.89,"d":"27.9"},{"v":200,"d":"200.0"},{"v":1785,"d":"1,785.0"}]
["Equinocultura","cabecas",82,{"v":1,"d":"1.0"},{"v":4.93,"d":"4.9"},{"v":43,"d":"43.0"},{"v":404,"d":"404.0"}]
["Ovinocultura","cabecas",16,{"v":2,"d":"2.0"},{"v":24.56,"d":"24.6"},{"v":140,"d":"140.0"},{"v":393,"d":"393.0"}]
["Piscicultura","m2 tanques",12,{"v":40,"d":"40.0"},{"v":11030.83,"d":"11,030.8"},{"v":70000,"d":"70,000.0"},{"v":132370,"d":"132,370.0"}]
["Suinocultura","cabecas",52,{"v":1,"d":"1.0"},{"v":12.04,"d":"12.0"},{"v":60,"d":"60.0"},{"v":626,"d":"626.0"}]
["Fonte: Secretaria de Agricultura e Abastecimento, CDRS/IEA, Projeto LUPA."]
[]
["TABELA 136.3 -  Máquinas, Implementos e Benfeitorias, Município de Colômbia, Estado de São Paulo, 2016/17."]
["ITEM","UNIDADE","N.DE UPAs","MÍNIMO","MÉDIO","MÁXIMO","TOTAL"]
["Arado comum (bacia, aiveca)","unidade",78,{"v":1,"d":"1.0"},{"v":1.17,"d":"1.2"},{"v":4,"d":"4.0"},{"v":91,"d":"91.0"}]
["Arado escarificador","unidade",4,{"v":1,"d":"1.0"},{"v":1.75,"d":"1.8"},{"v":3,"d":"3.0"},{"v":7,"d":"7.0"}]
["Arado subsolador","unidade",34,{"v":1,"d":"1.0"},{"v":1.15,"d":"1.2"},{"v":3,"d":"3.0"},{"v":39,"d":"39.0"}]
["Carregadeira de cana","unidade",1,{"v":1,"d":"1.0"},{"v":1,"d":"1.0"},{"v":1,"d":"1.0"},{"v":1,"d":"1.0"}]
["Carreta de trator","unidade",57,{"v":1,"d":"1.0"},1.7,{"v":8,"d":"8.0"},{"v":97,"d":"97.0"}]
["Colhedeira acoplada","unidade",2,{"v":1,"d":"1.0"},1.5,{"v":2,"d":"2.0"},{"v":3,"d":"3.0"}]
["Colhedeira automotriz","unidade",6,{"v":1,"d":"1.0"},3.5,{"v":15,"d":"15.0"},{"v":21,"d":"21.0"}]
["Computador","unidade",9,{"v":1,"d":"1.0"},{"v":1.11,"d":"1.1"},{"v":2,"d":"2.0"},{"v":10,"d":"10.0"}]
["Conj.irrigacao autopropelido","unidade",21,{"v":1,"d":"1.0"},{"v":1.81,"d":"1.8"},{"v":15,"d":"15.0"},{"v":38,"d":"38.0"}]
["Conj.irrigacao convencional","unidade",4,{"v":1,"d":"1.0"},{"v":1.75,"d":"1.8"},{"v":4,"d":"4.0"},{"v":7,"d":"7.0"}]
["Conj.irrigacao pivot central","unidade",10,{"v":1,"d":"1.0"},2.2,{"v":7,"d":"7.0"},{"v":22,"d":"22.0"}]
["Conj.irrigacao/gotejamento/microaspersao","unidade",19,{"v":1,"d":"1.0"},{"v":3.58,"d":"3.6"},{"v":30,"d":"30.0"},{"v":68,"d":"68.0"}]
["Desintegrador, picador, triturador","unidade",76,{"v":1,"d":"1.0"},{"v":1.03,"d":"1.0"},{"v":2,"d":"2.0"},{"v":78,"d":"78.0"}]
["Distribuidor de calcario","unidade",49,{"v":1,"d":"1.0"},{"v":1.43,"d":"1.4"},{"v":5,"d":"5.0"},{"v":70,"d":"70.0"}]
["Embarcação","unidade",2,{"v":1,"d":"1.0"},1.5,{"v":2,"d":"2.0"},{"v":3,"d":"3.0"}]
["Ensiladeira","unidade",29,{"v":1,"d":"1.0"},{"v":1.07,"d":"1.1"},{"v":3,"d":"3.0"},{"v":31,"d":"31.0"}]
["Grade aradora (tipo romi)","unidade",74,{"v":1,"d":"1.0"},{"v":1.43,"d":"1.4"},{"v":11,"d":"11.0"},{"v":106,"d":"106.0"}]
["Grade niveladora","unidade",95,{"v":1,"d":"1.0"},{"v":1.42,"d":"1.4"},{"v":12,"d":"12.0"},{"v":135,"d":"135.0"}]
["Implementos para tracao animal","unidade",2,{"v":1,"d":"1.0"},{"v":1,"d":"1.0"},{"v":1,"d":"1.0"},{"v":2,"d":"2.0"}]
["Misturador de racao","unidade",2,{"v":1,"d":"1.0"},1.5,{"v":2,"d":"2.0"},{"v":3,"d":"3.0"}]
["Mmicrotrator","unidade",1,{"v":1,"d":"1.0"},{"v":1,"d":"1.0"},{"v":1,"d":"1.0"},{"v":1,"d":"1.0"}]
["Ordenhadeira mecanica","unidade",6,{"v":1,"d":"1.0"},{"v":1,"d":"1.0"},{"v":1,"d":"1.0"},{"v":6,"d":"6.0"}]
["Pulverizador tratorizado","unidade",87,{"v":1,"d":"1.0"},2.1,{"v":20,"d":"20.0"},{"v":183,"d":"183.0"}]
["Resfriador de leite, tanque expansao","unidade",11,{"v":1,"d":"1.0"},{"v":1,"d":"1.0"},{"v":1,"d":"1.0"},{"v":11,"d":"11.0"}]
["Retroescavadeira","unidade",1,{"v":2,"d":"2.0"},{"v":2,"d":"2.0"},{"v":2,"d":"2.0"},{"v":2,"d":"2.0"}]
["Roçadeira costal","unidade",1,{"v":3,"d":"3.0"},{"v":3,"d":"3.0"},{"v":3,"d":"3.0"},{"v":3,"d":"3.0"}]
["Roçadeira tratorizada","unidade",1,{"v":1,"d":"1.0"},{"v":1,"d":"1.0"},{"v":1,"d":"1.0"},{"v":1,"d":"1.0"}]
["Roçadora","unidade",49,{"v":1,"d":"1.0"},{"v":1.29,"d":"1.3"},{"v":4,"d":"4.0"},{"v":63,"d":"63.0"}]
["Semeadeira/adubadeira para plantio convencional","unidade",35,{"v":1,"d":"1.0"},1.6,{"v":7,"d":"7.0"},{"v":56,"d":"56.0"}]
["Semeadeira/plantadeira plantio direto","unidade",14,{"v":1,"d":"1.0"},1.5,{"v":6,"d":"6.0"},{"v":21,"d":"21.0"}]
["Tecnologias de gps para controle de máquinas","unidade",3,{"v":2,"d":"2.0"},{"v":7.33,"d":"7.3"},{"v":17,"d":"17.0"},{"v":22,"d":"22.0"}]
["Terraceador","unidade",12,{"v":1,"d":"1.0"},{"v":1.25,"d":"1.3"},{"v":2,"d":"2.0"},{"v":15,"d":"15.0"}]
["Trator de esteiras","unidade",1,{"v":1,"d":"1.0"},{"v":1,"d":"1.0"},{"v":1,"d":"1.0"},{"v":1,"d":"1.0"}]
["Trator de pneus  acima de 85 cv","unidade",43,{"v":1,"d":"1.0"},{"v":3.65,"d":"3.7"},{"v":40,"d":"40.0"},{"v":157,"d":"157.0"}]
["Trator de pneus até 65 cv","unidade",55,{"v":1,"d":"1.0"},{"v":1.22,"d":"1.2"},{"v":6,"d":"6.0"},{"v":67,"d":"67.0"}]
["Trator de pneus de 66 cv a 85 cv","unidade",81,{"v":1,"d":"1.0"},{"v":2.59,"d":"2.6"},{"v":47,"d":"47.0"},{"v":210,"d":"210.0"}]
["Acude/represa","unidade",82,{"v":1,"d":"1.0"},{"v":1.62,"d":"1.6"},{"v":9,"d":"9.0"},{"v":133,"d":"133.0"}]
["Almoxarifado/oficina","unidade",35,{"v":1,"d":"1.0"},{"v":1.26,"d":"1.3"},{"v":4,"d":"4.0"},{"v":44,"d":"44.0"}]
["Armazem para graos ensacados","sacas",4]
["Balanca para bovinos","unidade",9,{"v":1,"d":"1.0"},{"v":1.11,"d":"1.1"},{"v":2,"d":"2.0"},{"v":10,"d":"10.0"}]
["Balanca para veiculos","unidade",3,{"v":1,"d":"1.0"},{"v":1.33,"d":"1.3"},{"v":2,"d":"2.0"},{"v":4,"d":"4.0"}]
["Barracao/galpao/garagem","unidade",147,{"v":1,"d":"1.0"},{"v":1.22,"d":"1.2"},{"v":5,"d":"5.0"},{"v":179,"d":"179.0"}]
["Casa de moradia habitada","unidade",247,{"v":1,"d":"1.0"},{"v":1.55,"d":"1.6"},{"v":30,"d":"30.0"},{"v":384,"d":"384.0"}]
["Casa de moradia total","unidade",274,{"v":1,"d":"1.0"},{"v":2,"d":"2.0"},{"v":33,"d":"33.0"},{"v":548,"d":"548.0"}]
["Curral/mangueira","unidade",150,{"v":1,"d":"1.0"},{"v":1.11,"d":"1.1"},{"v":5,"d":"5.0"},{"v":166,"d":"166.0"}]
["Deposito/tulha","unidade",125,{"v":1,"d":"1.0"},{"v":1.13,"d":"1.1"},{"v":4,"d":"4.0"},{"v":141,"d":"141.0"}]
["Estabulo","unidade",1,{"v":1,"d":"1.0"},{"v":1,"d":"1.0"},{"v":1,"d":"1.0"},{"v":1,"d":"1.0"}]
["Estacao/posto meteorologico","unidade",4,{"v":1,"d":"1.0"},{"v":1.25,"d":"1.3"},{"v":2,"d":"2.0"},{"v":5,"d":"5.0"}]
["Estufa/plasticultura","m2",1]
["Fabrica de racao","unidade",1,{"v":1,"d":"1.0"},{"v":1,"d":"1.0"},{"v":1,"d":"1.0"},{"v":1,"d":"1.0"}]
["Instalacoes para equinos","unidade",4,{"v":1,"d":"1.0"},{"v":1,"d":"1.0"},{"v":1,"d":"1.0"},{"v":4,"d":"4.0"}]
["Packing house","unidade",2,{"v":1,"d":"1.0"},{"v":1,"d":"1.0"},{"v":1,"d":"1.0"},{"v":2,"d":"2.0"}]
["Pocilga","unidade",60,{"v":1,"d":"1.0"},{"v":1.03,"d":"1.0"},{"v":2,"d":"2.0"},{"v":62,"d":"62.0"}]
["Poco semi-artesiano","unidade",128,{"v":1,"d":"1.0"},{"v":1.17,"d":"1.2"},{"v":16,"d":"16.0"},{"v":150,"d":"150.0"}]
["Secador de graos","unidade",1,{"v":1,"d":"1.0"},{"v":1,"d":"1.0"},{"v":1,"d":"1.0"},{"v":1,"d":"1.0"}]
["Silo para graos","ton",2]
["Silo para silagem","ton",6]
["Usina de acucar/destilaria","unidade",1,{"v":1,"d":"1.0"},{"v":1,"d":"1.0"},{"v":1,"d":"1.0"},{"v":1,"d":"1.0"}]
["Fonte: Secretaria de Agricultura e Abastecimento, CDRS/IEA, Projeto LUPA."]
[]
["TABELA 136.4 - Outras Estatísticas Agrícolas, Município de Colômbia, Estado de São Paulo, 2016/17."]
["ITEM","Número de UPAs",null,"Percentual"]
["Faz Parte de Associação de Produtores",71,null,{"v":19.66759002770083,"d":"19.7"}]
["Faz Parte de Cooperativa de Produtores",172,null,{"v":47.64542936288089,"d":"47.6"}]
["Faz Parte do Sindicato de Produtores",86,null,{"v":23.822714681440445,"d":"23.8"}]
["Não utiliza assistência técnica ",119,null,{"v":32.96398891966759,"d":"33.0"}]
["Utiliza somente assistência técnica governamental ",35,null,{"v":9.695290858725762,"d":"9.7"}]
["Utiliza somente assistência técnica privada ",200,null,{"v":55.40166204986149,"d":"55.4"}]
["Utiliza assistência técnica tanto governamental quanto privada",7,null,{"v":1.9390581717451525,"d":"1.9"}]
["Utiliza Crédito Rural",114,null,{"v":31.578947368421055,"d":"31.6"}]
["Utiliza Seguro Rural",45,null,{"v":12.465373961218836,"d":"12.5"}]
["Utiliza Escrituração Agrícola",265,null,{"v":73.40720221606648,"d":"73.4"}]
["Acessa Internet p/ Fins na Agropecuária",105,null,{"v":29.085872576177284,"d":"29.1"}]
["Utiliza Computador nas Atividades Agropecuárias",83,null,{"v":22.99168975069252,"d":"23.0"}]
["Utiliza Energia Elétrica Para Uso na Atividade Agrícola",285,null,{"v":78.94736842105263,"d":"78.9"}]
["Utiliza Energia Alternativa",3,null,{"v":0.8310249307479225,"d":"0.8"}]
["Realiza Análise de Solo, quando necessário",269,null,{"v":74.51523545706371,"d":"74.5"}]
["Realiza Calagem",288,null,{"v":79.77839335180056,"d":"79.8"}]
["Utiliza Práticas de Conservação de Solo, quando necessário",265,null,{"v":73.40720221606648,"d":"73.4"}]
["Faz Adubação Mineral, quando necessário",308,null,{"v":85.3185595567867,"d":"85.3"}]
["Faz Adubação Orgânica, quando necessário",22,null,{"v":6.094182825484765,"d":"6.1"}]
["Faz Adubação Verde, quando necessário",6,null,{"v":1.662049861495845,"d":"1.7"}]
["Utiliza Manejo Integrado de Pragas (MIP)",10,null,{"v":2.770083102493075,"d":"2.8"}]
["Utiliza Hidroponia","-",null,"-"]
["Utiliza Cultivo em Estufa","-",null,"-"]
["Utiliza Mudas Fiscalizadas",96,null,{"v":26.592797783933516,"d":"26.6"}]
["Utiliza Semente Melhorada",42,null,{"v":11.634349030470913,"d":"11.6"}]
["Faz Confinamento de Bovinos",7,null,{"v":1.9390581717451525,"d":"1.9"}]
["Utiliza Pastejo Intensivo",46,null,{"v":12.742382271468143,"d":"12.7"}]
["Faz Inseminação Artificial",7,null,{"v":1.9390581717451525,"d":"1.9"}]
["Faz Mineralização do Rebanho",153,null,{"v":42.38227146814404,"d":"42.4"}]
["Faz Vermifugação do Rebanho",154,null,{"v":42.65927977839335,"d":"42.7"}]
["Possui Parceiros /Arrendatários na Exploração Animal",86,null,{"v":23.822714681440445,"d":"23.8"}]
["Existência de trabalhadores c/ deficiência na UPA",6,null,{"v":1.662049861495845,"d":"1.7"}]
["Esporte e lazer","-",null,"-"]
["Extração mineral",2,null,{"v":0.554016620498615,"d":"0.6"}]
["Hotel Fazenda, Pousada ou SPA",1,null,{"v":0.2770083102493075,"d":"0.3"}]
["Pesque-pague","-",null,"-"]
["Restaurante ou Lanchonete","-",null,"-"]
["Transformação artesanal","-",null,"-"]
["Turismo rural ou ecoturismo","-",null,"-"]
["Outras atividades econômicas rurais",1,null,{"v":0.2770083102493075,"d":"0.3"}]
["Agroindústria",1,null,{"v":0.2770083102493075,"d":"0.3"}]
["Proprietário sem instrução ou com instrução incompleta",22,null,{"v":6.094182825484765,"d":"6.1"}]
["Proprietário com antigo primário completo",83,null,{"v":22.99168975069252,"d":"23.0"}]
["Proprietário com 1° grau (ou antigo ginasial) completo",54,null,{"v":14.958448753462601,"d":"15.0"}]
["Proprietário com 2° grau (ou antigo colegial) completo",60,null,{"v":16.62049861495845,"d":"16.6"}]
["Proprietário com curso superior completo ",113,null,{"v":31.301939058171744,"d":"31.3"}]
["Pessoa Jurídica",29,null,{"v":8.033240997229917,"d":"8.0"}]
["Proprietário residente na própria UPA ",100,null,{"v":27.700831024930746,"d":"27.7"}]
["Fonte: Secretaria de Agricultura e Abastecimento, CDRS/IEA, Projeto LUPA."]
[]
["TABELA 136.5 - Área Cultivada, Município de Colômbia, Estado de São Paulo, 2016/17."]
["CULTURA","N.DE UPAs","MÍNIMO","MÉDIO","MÁXIMO","TOTAL"]
["Cana-de-acucar finalidade industria",193,3.3,{"v":179.85,"d":"179.9"},{"v":2570.6,"d":"2,570.6"},{"v":34711,"d":"34,711.0"}]
["Laranja Industria",23,{"v":5,"d":"5.0"},{"v":492.86,"d":"492.9"},{"v":5003.7,"d":"5,003.7"},{"v":11335.8,"d":"11,335.8"}]
["Braquiaria",171,0.4,23.6,{"v":341,"d":"341.0"},{"v":4035.8,"d":"4,035.8"}]
["Seringueira",36,0.3,{"v":42.81,"d":"42.8"},311.4,{"v":1541,"d":"1,541.0"}]
["Soja",16,0.6,{"v":84.93,"d":"84.9"},{"v":310,"d":"310.0"},{"v":1358.9,"d":"1,358.9"}]
["Milho 2 safra",8,9.9,{"v":114.28,"d":"114.3"},{"v":310,"d":"310.0"},914.2]
["Amendoim",4,{"v":32,"d":"32.0"},{"v":85.18,"d":"85.2"},196.7,340.7]
["Laranja Mercado",2,101.4,{"v":150.35,"d":"150.4"},199.3,300.7]
["Sorgo",4,{"v":6,"d":"6.0"},{"v":70,"d":"70.0"},{"v":250,"d":"250.0"},{"v":280,"d":"280.0"}]
["Abacaxi (ou ananas)",28,{"v":1,"d":"1.0"},{"v":8.79,"d":"8.8"},{"v":34,"d":"34.0"},246.1]
["Gramas",16,{"v":1,"d":"1.0"},{"v":13.37,"d":"13.4"},70.4,213.9]
["Coloniao",12,0.5,{"v":13.08,"d":"13.1"},{"v":66,"d":"66.0"},{"v":157,"d":"157.0"}]
["Milho safra",23,0.3,{"v":4.39,"d":"4.4"},9.6,{"v":101,"d":"101.0"}]
["Outras florestais",15,0.1,{"v":6.57,"d":"6.6"},{"v":50,"d":"50.0"},98.5]
["Pupunha",4,0.2,{"v":21.68,"d":"21.7"},{"v":85,"d":"85.0"},86.7]
["Milho-silagem",8,1.2,{"v":6.63,"d":"6.6"},{"v":25,"d":"25.0"},{"v":53,"d":"53.0"}]
["Eucalipto",10,0.1,{"v":2.67,"d":"2.7"},11.7,26.7]
["Cana-de-acucar outras finalidades",7,0.5,{"v":3.74,"d":"3.7"},16.3,26.2]
["Banana",3,{"v":4,"d":"4.0"},{"v":6.87,"d":"6.9"},9.6,20.6]
["Mamao",1,19.3,19.3,19.3,19.3]
["Quiabo",15,0.1,{"v":1.17,"d":"1.2"},6.3,17.6]
["Sorgo-forrageiro",3,{"v":5,"d":"5.0"},{"v":5.67,"d":"5.7"},{"v":7,"d":"7.0"},{"v":17,"d":"17.0"}]
["Teca",2,0.6,{"v":8.05,"d":"8.1"},15.5,16.1]
["Feijao-guandu (ou guandu, ou andu)",2,6.3,6.3,6.3,12.6]
["Coco-da-baia",2,0.1,{"v":6.05,"d":"6.1"},{"v":12,"d":"12.0"},12.1]
["Mandioca",6,0.2,{"v":1.75,"d":"1.8"},4.8,10.5]
["Pepino",4,0.1,{"v":2.55,"d":"2.6"},8.7,10.2]
["Abobora (ou jerimum)",2,0.1,{"v":4.85,"d":"4.9"},9.6,9.7]
["Feijao-vagem (ou vagem, ou feijao-verde)",4,0.3,1.9,4.8,7.6]
["Manga",4,0.2,{"v":1.28,"d":"1.3"},3.6,5.1]
["Horta domestica",4,0.1,{"v":1.03,"d":"1.0"},{"v":2,"d":"2.0"},4.1]
["Pomar domestico",13,0.1,0.3,{"v":1,"d":"1.0"},3.9]
["Bucha",3,0.3,{"v":1,"d":"1.0"},1.7,{"v":3,"d":"3.0"}]
["Capim-napier (ou capim-elefante)",5,0.3,{"v":0.56,"d":"0.6"},{"v":1,"d":"1.0"},2.8]
["Jilo",5,0.2,{"v":0.54,"d":"0.5"},1.2,2.7]
["Cafe",3,0.5,0.6,0.8,1.8]
["Urucum (ou urucu)",1,1.6,1.6,1.6,1.6]
["Limao",2,0.1,0.3,0.5,0.6]
["Feijao",1,0.5,0.5,0.5,0.5]
["Berinjela",1,0.3,0.3,0.3,0.3]
["Tomate rasteiro",1,0.1,0.1,0.1,0.1]
["Fonte: Secretaria de Agricultura e Abastecimento, CDRS/IEA, Projeto LUPA."]